Populous Countries of Africa Minefield Quiz Stats

 Plays Quiz Updated Jul 2, 2018

Challenge
Share
Tweet
Embed
Score 0/21 Timer 05:00
1 Play Today
Rank Country % Correct
3???
75.2%
5???
73.4%
1???
70.6%
19???
67.7%
2???
53.1%
4???
51.7%
7???
49.8%
10???
43.2%
8???
42.7%
11???
34.5%
6???
33.4%
Rank Country % Correct
12???
26.8%
9???
25.4%
17???
21.3%
13???
19.6%
16???
19.4%
15???
18.4%
14???
13.9%
20???
9.6%
18???
6.7%
Mines???
3.9%

You're not logged in!

Compare scores with friends on all Sporcle quizzes.
Join for Free
OR
Log In

You Might Also Like...

Show Comments

Extras

Top Quizzes Today


Score Distribution

Your Account Isn't Verified!

In order to create a playlist on Sporcle, you need to verify the email address you used during registration. Go to your Sporcle Settings to finish the process.

Report this User

Report this user for behavior that violates our Community Guidelines.

Details: